000 00605 a2200217 4500
003 Nust
005 20170207154049.0
020 _a0-8264-9064-6
020 _a978-1-84706-332-8 (hft.)
040 _cNust
082 _a306.44
245 1 4 _aThe sociolinguistics of identity(E-BOOK)
_cedited by Tope Omoniyi and Goodith White
260 _aLondon :
_bContinuum,
_c2006
300 _ax, 239 s. :
_bill., kartor, tab.
440 0 _aAdvances in sociolinguistics
650 7 _aSociolinguistics
650 7 _aSpr嫳ociologi
651 _aE-BOOK
700 1 _aOmoniyi, Tope
_4edt
700 1 _aWhite, Goodith
_4edt
942 _2ddc
_cBK
999 _c193049
_d193049